Aspectos jurídicos e institucionales de las migraciones en la República del Ecuador

Enregistré dans:
Détails bibliographiques
Collectivité auteur: Organización Internacional para las Migraciones (Auteur)
Format: Livre
Langue:espagnol
Publié: Ginebra OIM 1992
Sujets:
Tags: Ajouter un tag
Pas de tags, Soyez le premier à ajouter un tag!

MARC

LEADER 00000nam a2200000 a 4500
001 UCV2847
003 CL-VaPUC
008 921203e19920000SZ |||||||||||||||||spa|d
082 0 4 |a 342  |b ORG  |2 21 
110 2 |a Organización Internacional para las Migraciones  |e author  |9 297112 
245 1 0 |a Aspectos jurídicos e institucionales de las migraciones en la República del Ecuador 
300 |a 175 p 
942 |c BK 
945 |d 19921203 00:00:00 
260 |a Ginebra  |b OIM  |c 1992 
650 0 |a Emigración e inmigración  |9 257711 
650 0 |a Derecho y legislación   |9 255077 
651 0 |a Ecuador  |9 258378 
583 |a last modification  |c 19921203 00:00:00  |k Rodrigo Vera 
999 |c 210315  |d 210313 
952 |0 0  |1 0  |4 0  |6 342_000000000000000_ORG_1992  |7 0  |8 A  |9 186454  |a BIBDER  |b BIBDER  |d 2019-11-14  |i 253939K  |o 342 ORG 1992  |p 253939K  |r 2023-01-25  |w 2019-11-14  |y BK  |k DER